Rozpoznasz najbardziej utytułowane tenisistki? - Statystyki

Ogólne statystyki
  • Ten quiz został rozwiązany 49 razy
  • Średni wynik to 9 z 18
Statystyki odpowiedzi
Obrazkowy Hint Odpowiedź % Poprawnych
4 Aryna Sabalenka
100%
6 Iga Świątek
100%
23 Serena Williams
93%
4 Naomi Ōsaka
90%
7 Venus Williams
76%
5 Marija Szarapowa
69%
18 Martina Navrátilová
52%
22 Steffi Graf
52%
7 Justine Henin
43%
8 Billie Jean King
36%
4 Kim Clijsters
36%
5 Martina Hingis
36%
9 Monica Seles
33%
18 Chris Evert
26%
11 Margaret Smith Court
19%
4 tytuły wielkoszlemowe Arantxa Sánchez Vicario
17%
4 Hana Mandlíková
12%
7 Evonne Goolagong
10%
Nie znaleziono quizów pasujących do podanych kryteriów
Rozkład punktacji
Procent ludzi z każdym wynikiem
Percentyl według liczby udzielonych odpowiedzi
Twoja historia wyników
Nie rozwiązałeś tego quizu